Berühmte Personen aus Brandenburg - Statistiken

Allgemein
  • Dieses Quiz wurde 122 mal gespielt
    119 seit der letzten Aktualisierung
  • Das Durchschnittsergebnis liegt bei 6 aus 20
Antwortstatistiken
Bildquiz Hint Antwort % Korrekt
Nauen Jürgen Drews
77%
Falkensee Katarina Witt
56%
Brandenburg an der Havel Vicco von Bülow
55%
Treuenbrietzen Henry Maske
49%
Frankfurt (Oder) Franziska Giffey
48%
Frankfurt (Oder) Finch
46%
Potsdam Wolfgang Joop
36%
Potsdam Anja Kling
35%
Neuruppin Theodor Fontane
32%
Hosena (heute: Senftenberg) Joachim Sauer
29%
Potsdam Matthias Platzeck
25%
Wriezen Cornelia Froboess
23%
Zehdenick Josefine Preuß
20%
Potsdam Klara Geywitz
14%
Guben Wilhelm Pieck
14%
Cottbus Tony Martin
13%
Frankfurt (Oder) Heinrich von Kleist
12%
Potsdam Friedrich Wilhelm III.
9%
Brandenburg an der Havel Kurt von Schleicher
9%
Angermünde Julia Jäger
4%
Keine übereinstimmenden Quizze gefunden
Verteilung der Resultate
Anzahl Personen mit jedem Resultat
Perzentil nach korrekt beantworteten Fragen
Ihre Resultats-Entwicklung
Sie haben dieses Quiz seit der letzten Aktualisierung nicht gespielt